|
|
|
|
| LEADER |
00000nab a2200000 a 4500 |
| 001 |
vtls000787136 |
| 003 |
SK-MaSNL |
| 005 |
20260302155152.0 |
| 008 |
160405c2002 xo 0 slo |
| 015 |
|
|
|a SNBRB2002/03-09227
|
| 035 |
|
|
|a CLN000138791
|
| 040 |
|
|
|a SNKBUCL
|b slo
|c SNKBUCL
|e AACR2
|
| 041 |
0 |
|
|a slo
|
| 044 |
|
|
|a xo
|c SK
|
| 080 |
|
|
|a 1-051(430)
|2 1997
|
| 080 |
|
|
|a 53-051
|2 1997
|
| 100 |
1 |
|
|a Sklenka, Imrich,
|d 1948-
|4 aut
|9 107607
|
| 245 |
1 |
0 |
|a Carl Friedrich von Weizsäcker
|c Imrich Sklenka
|
| 600 |
1 |
7 |
|a Weizsäcker, Carl Friedrich von,
|d 1912-2007
|2 snkbucl
|9 582287
|
| 655 |
|
7 |
|a články z novín a časopisov
|2 snkbucl
|9 267496
|
| 773 |
0 |
|
|t Listy
|g Roč. 15, č. 1 (2002), s. 29-33
|
| 850 |
|
|
|a Slovenská národná knižnica v Martine
|
| 852 |
|
|
|a SNK
|b KIS3GCP
|
| 958 |
|
|
|a DE
|
| 958 |
|
|
|a RBX
|
| 999 |
|
|
|c 1370613
|d 1372543
|